000 02413cam a2200361 4500500
005 20260208005042.0
041 _afre
042 _adc
100 1 0 _aMarche, Guillaume
_eauthor
245 0 0 _aWhy Infrapolitics Matters
260 _c2012.
500 _a22
520 _aRésuméIntroduction du dossier « Infrapolitique et mobilisations », cette contribution expose les divers usages et acceptions de la notion d’infrapolitique, ainsi que son utilité pour l’analyse de certaines formes d’action collective. L’auteur soulève la question de savoir si tout ce qui est infrapolitique est nécessairement discret ou dissimulé. Il suggère que les mobilisations demeurant en deçà du seuil du politique ont une signification qui leur est propre et ne doivent pas être envisagées simplement comme des mobilisations en échec ou en devenir. Au contraire, prendre en compte l’infrapolitique demande d’être attentif aux liens entre le politique et les expériences et pratiques du quotidien.
520 _aAn introduction to the special issue “Infrapolitics and Mobilizations,” this contribution reviews the various meanings and uses of the notion of infrapolitics, and discusses its usefulness for analyzing certain forms of collective action. It debates whether mobilizations must be stealthy in order to be considered infrapolitical, and argues that mobilizations remaining beneath the threshold of the political have an import of their own, rather than simply being failed movements or movements-to-be. Being attentive to infrapolitics, instead, is an invitation to investigate the links between politics and everyday life experience and practices.
690 _aanthropologie
690 _aétudes américaines
690 _aexpérience et style
690 _ainfrapolitique
690 _amouvements sociaux
690 _arésistance
690 _asociologie
690 _atextes cachés
690 _aAmerican studies
690 _aanthropology
690 _aexperience and style
690 _ahidden transcripts
690 _ainfrapolitics
690 _aresistance
690 _asocial movements
690 _asociology
786 0 _nRevue française d’études américaines | 131 | 1 | 2012-11-01 | p. 3-18 | 0397-7870
856 4 1 _uhttps://shs.cairn.info/journal-revue-francaise-d-etudes-americaines-2012-1-page-3?lang=en&redirect-ssocas=7080
999 _c1650337
_d1650337